| 000 | 01888nam a2200457Ii 4500 | ||
|---|---|---|---|
| 001 | DIGPOPL0331 | ||
| 003 | NyNyDIG | ||
| 006 | m o d | ||
| 007 | cr ||||||||||| | ||
| 008 | 241001s2007 sp a o 000 0 spa d | ||
| 035 | _a(OCoLC)1458531599 | ||
| 040 |
_aDGITA _beng _erda _epn _cDGITA |
||
| 020 | _z9788478843302 | ||
| 041 | 1 |
_aspa _hita |
|
| 043 |
_ad------ _add----- |
||
| 050 | 1 | 4 | _aHC59.72.P6 ebook |
| 130 | 0 |
_aNord Sud. _lSpanish _s(Casas) |
|
| 245 | 1 | 0 |
_aNorte Sur : _bdepredadores, depredados y oportunistas : guía para la comprensión y superación de los mecanismos que empobrecen el sur del mundo / _cCentro Nuevo Modelo de Desarrollo ; traductor, Laydi Casas. |
| 246 | 3 | 0 | _aGuía para la comprensión y superación de los mecanismos que empobrecen el sur del mundo |
| 264 | 1 |
_aMadrid : _bEditorial Popular, _c[2007] |
|
| 300 |
_a1 online resource : _billustrations. |
||
| 336 |
_atext _btxt _2rdacontent |
||
| 337 |
_acomputer _bc _2rdamedia |
||
| 338 |
_aonline resource _bcr _2rdacarrier |
||
| 347 |
_atext file _2rdaft |
||
| 347 | _bPDF | ||
| 490 | 1 | _aSociologías | |
| 588 | 0 | _aOnline resource; title from PDF title page (Digitalia, viewed October 1, 2024) | |
| 650 | 0 |
_aPoverty _zDeveloping countries. |
|
| 651 | 0 |
_aDeveloped countries _xRelations _zDeveloping countries. |
|
| 700 | 1 |
_aCasas, Leydi, _etranslator. |
|
| 710 | 2 |
_aCentro Nuovo Modello di Sviluppo, _eauthor. |
|
| 730 | 1 |
_iTranslation of: _aNord Sud. |
|
| 791 | 2 |
_aDigitalia (Firm), _edistributor. |
|
| 793 | 0 |
_gDigitalia eBook Collection: _aEditorial Popular |
|
| 776 | 0 | 8 |
_iPrint version: _aNord Sud. Spanish (Casas). _tNorte Sur. _dMadrid : Editorial Popular, [2007] _z9788478843302 |
| 830 | 0 |
_aSociologías (Editorial Popular) ; _v3. |
|
| 856 | 4 | 0 |
_3Digitalia Hispánica _uhttps://www.digitaliapublishing.com/a/156041/ |
| 910 | _aPremium collection: 2024 | ||
| 942 | _cRAA | ||
| 999 |
_c286164 _d286164 |
||